| 000 | 01278amm a2200313a 44500 | ||
|---|---|---|---|
| 008 | 201106s2020 cat | ||
| 041 | _acat | ||
| 080 | _a796.6(038) | ||
| 110 |
_aConsorci per a la Normalització Lingüística. Centre de Normalització Lingüística del Vallès Oriental _973798 |
||
| 245 |
_aA rodar: Lèxic de ciclisme: Pedalem en català! _h[en línia] _cAjuntament de Caldes de Montbui; Consorci per a la Normalització Lingüística. Centre de Normalització Lingüística del Vallès Oriental; TERMCAT, Centre de Terminologia |
||
| 260 |
_aCaldes de Montbui _bAjuntament de Caldes de Montbui |
||
| 260 |
_bConsorci per a la Normalització Lingüística _c2020 |
||
| 300 |
_a1 tríptic. _bil. |
||
| 500 | _btermcat | ||
| 520 | _a55 | ||
| 546 | _acatalà | ||
| 591 | _aA RODAR | ||
| 592 | _aObra terminològica | ||
| 593 | _aVD | ||
| 650 |
_aciclisme _960775 |
||
| 710 |
_aAjuntament de Caldes de Montbui _974511 |
||
| 710 |
_aTERMCAT _960609 |
||
| 856 | _uhttps://www.cpnl.cat/media/upload/pdf/A%20Rodar.%20Le%CC%80xic%20de%20ciclime.%20Pedalem%20en%20catala%CC%80_1604605924.pdf | ||
| 901 | _c<2020> | ||
| 902 | _a201106 | ||
| 942 |
_cMO _2ddc _n0 |
||
| 999 |
_c67707 _d67707 |
||